| 000 | 01731nam a22004337a 4500 | ||
|---|---|---|---|
| 003 | CHAP | ||
| 005 | 20220817044201.0 | ||
| 008 | 071024s2007 mx r 00010 spa d | ||
| 010 | _a94081 | ||
| 011 | _a95053 | ||
| 035 | _a105657 | ||
| 040 | _cCHAP | ||
| 090 | _aTesis | ||
| 100 | 0 | 0 |
_aOlivares Pineda, Rodrigo. _983052 |
| 245 | 1 | 0 |
_aPerspectivas de la producción de carne bovina bajo sistemas sustentables u orgánicos en México _c/por Rodrigo Olivares Pineda |
| 260 |
_aChapingo, Méx. : _bEl autor, _c2007. |
||
| 300 |
_a143 h. : _bcuadros |
||
| 502 | _aTesis (Dr. en Problemas Económicos Agroindustriales) -- UACH. Centro de Investigaciones Económicas, Sociales y Tecnologicas de la Agroindustria y la Agricultura Mundial | ||
| 530 | _aTambién disponible en línea | ||
| 590 |
_aALEPH _b10 _c20130110 _lUCH01 _h1520 |
||
| 590 |
_aBATCH-UPD _b10 _c20130110 _lUCH01 _h1436 |
||
| 590 |
_aBATCH-UPD _b10 _c20130410 _lUCH01 _h0910 |
||
| 590 |
_aBATCH-UPD _b10 _c20130914 _lUCH01 _h0851 |
||
| 590 |
_aBATCH-UPD _b10 _c20140324 _lUCH01 _h1504 |
||
| 590 |
_aBATCH-UPD _b10 _c20141002 _lUCH01 _h0835 |
||
| 590 |
_aCONVERSION _b10 _c20130109 _lUCH01 _h1352 |
||
| 650 | 1 | 4 |
_aCarne de res _xProducción. _919222 |
| 650 | 1 | 4 |
_aCarne orgánica. _919228 |
| 650 | 1 | 4 | _aGanadería sustentable. |
| 650 | 1 | 4 |
_aGanado vacuno _xPastoreo. _945502 |
| 650 | 1 | 4 |
_aSistemas de producción animal. _9106771 |
| 650 | 1 | 4 |
_aTrópicos _xGanadería. _9115286 |
| 856 |
_3Finding aid _uhttp://10.13.5.2/tesis/105657.pdf _zTeclea aqui |
||
| 901 | _aBK | ||
| 905 | _aLuisgm | ||
| 942 | _cFOLL | ||
| 949 |
_aTesis _bBC _cTES _d33724002039926 _eTS2 _fc.2 _gDonaciØn _h47127 _i105657 _si |
||
| 949 |
_aTESIS _bBC _cTES _d33724002039934 _eTS1 _gDonaciØn _h47126 _i105657 _sb |
||
| 999 |
_c94081 _d94081 |
||